| 000 | 00860nam a2200253 a 4500 | ||
|---|---|---|---|
| 001 | 40797 | ||
| 003 | BD-RjUL | ||
| 005 | 20211209053259.0 | ||
| 008 | 871007t19681967enk b 001 0 eng d | ||
| 035 | _a( BD-RjUL)40912 | ||
| 040 |
_aYWM _cYWM _dUKM _dBD-RjUL _dEQO _beng |
||
| 041 | _aeng | ||
| 082 | 0 | 4 |
_a324.273 _218 _bTHF 1968 |
| 090 |
_aJK2262 _b.T47 1968b |
||
| 100 | 1 |
_aThayer, George _d1933- _9125538 |
|
| 245 | 1 | 4 |
_aThe farther shores of politics : _bthe American political fringe today / _cGeorge Thayer |
| 260 |
_aLondon : _bAllen Lane The Penguin Press, _c1968, c1967 |
||
| 300 |
_a610 p. _c22 cm. |
||
| 500 | _aIncludes index. | ||
| 504 | _aBibliographical references included in "Notes" (p. [583]-589) | ||
| 650 | 0 |
_aPolitical parties _zUnited States. _9125434 |
|
| 651 | 0 |
_aUnited States _xPolitics and government _y1945- _9125539 |
|
| 942 |
_2ddc _cBK |
||
| 999 |
_c40797 _d40797 |
||